Les Alpes, un espace de valorisation également pour les archivistes
| Titel: | Les Alpes, un espace de valorisation également pour les archivistes |
|---|---|
| Verfasser: | |
| In: |
Arbido, Heft 1 (2014), Seite 18-19 alle Artikel anzeigen |
| Veröffentlicht: | 2014 |
| Format: | Aufsatz |
X
alg: 44203926 001A $03036:30-01-19 001B $01999:30-01-19 $t23:09:05.000 001D $03036:30-01-19 001U $0utf8 001X $00 002@ $0Aox 003@ $0442039263 007A $0442039263 $aHEB 007T $0ArchMa22078 011@ $a2014 021A $aLes @Alpes, un espace de valorisation également pour les archivistes 028A $aCoutaz $dGilbert 031A $e1 $h18-19 $j2014 039B $aIn $8--Abvc--. Arbido. - Bern : Stämpfli, 1995-2016. - ISSN 1420-102X $x201400000000001982 $9048657298 045T $a24,1 lok: 44203926 105 exp: 44203926 105 1 #EPN 201B/01 $030-01-19 $t15:46:45.000 201C/01 $030-01-19 201U/01 $0utf8 203@/01 $01042425000 208@/01 $a13-12-18 $be 209A/01 $a/ $f106 $x00 245Z/01 $a4.12.01. $bArchivwesen Europas / Schweiz, Liechtenstein / Allgemeines $x01 247C/01 $8->Marburg, Bibliographie zum Archivwesen der Archivschule Marburg $939588196X
| LEADER | 00000caa a22000002c 4500 | ||
|---|---|---|---|
| 001 | 442039263 | ||
| 003 | DE-603 | ||
| 005 | 20190130230905.0 | ||
| 007 | tu | ||
| 008 | 190130s2014 xx |||| | u00||u|und c | ||
| 035 | |a (DE-599)HEB442039263 | ||
| 040 | |a DE-603 |b ger |c DE-603 |d DE-603 | ||
| 084 | |a 24,1 |2 ssgn | ||
| 100 | 1 | |a Coutaz, Gilbert | |
| 245 | 0 | 0 | |a Les Alpes, un espace de valorisation également pour les archivistes |
| 264 | 0 | |c 2014 | |
| 773 | 0 | 8 | |i In |t Arbido |d Bern : Stämpfli, 1995-2016 |x 1420-102X |g Heft 1 (2014), Seite 18-19 |w (DE-603)048657298 |w (DE-600)1221449-8 |
| 924 | 0 | |9 - |a (DE-603)1042425000 |b DE- |c HES |d d |g / | |